Manufacturing technology (Record no. 5221)
[ view plain ]
| 000 -LEADER | |
|---|---|
| fixed length control field | 00528nam a2200169Ia 4500 |
| 003 - CONTROL NUMBER IDENTIFIER | |
| control field | SGT |
| 020 ## - INTERNATIONAL STANDARD BOOK NUMBER | |
| International Standard Book Number | 9780070087699 |
| 082 ## - DEWEY DECIMAL CLASSIFICATION NUMBER | |
| Classification number | 670 |
| Item number | RAO |
| 100 ## - MAIN ENTRY--PERSONAL NAME | |
| Personal name | Rao,P.N |
| 245 ## - TITLE STATEMENT | |
| Title | Manufacturing technology |
| 250 ## - EDITION STATEMENT | |
| Edition statement | 2nf & 3rd . Ed. |
| 260 ## - PUBLICATION, DISTRIBUTION, ETC. (IMPRINT) | |
| Name of publisher, distributor, etc | Tata McGraw Hill Education Private Limited |
| Place of publication, distribution, etc | New Delhi |
| Year of Publication | 2011 |
| 300 ## - PAGE DESCRIPTION | |
| No. of Pages | 502p. |
| 650 ## - SUBJECT ADDED ENTRY--TOPICAL TERM | |
| Topical term or geographic name as entry element | MECHANICAL ENGINEERING,METAL CUTTING,MACHINE TOOLS,CENTRE LATHE,SPECIAL PURPOSE LATHES |
| 700 ## - ADDED ENTRY--PERSONAL NAME | |
| Personal name | ENGINEERING MATERIALS, METAL CASTING PROCESSES, WELDING PROCESSES |
| 942 ## - ADDED ENTRY ELEMENTS (KOHA) | |
| Source of classification or shelving scheme | Dewey Decimal Classification |
| Koha item type | Books |
| Withdrawn status | Lost status | Source of classification or shelving scheme | Damaged status | Not for loan | Home library | Current library | Date acquired | Volume Information (Serial or Books or Non-Book Material) | SGTU | Total Checkouts | Total Renewals | Full call number | Accession No. (Barcode) | Date last seen | Date last borrowed | Bill Date | Koha item type |
|---|---|---|---|---|---|---|---|---|---|---|---|---|---|---|---|---|---|
| Dewey Decimal Classification | SGT Engineering Library | SGT Engineering Library | 24/06/2011 | 1 | SGTU | 3 | 7 | 670 RAO | FE3359 | 17/05/2018 | 26/09/2017 | 09/02/2015 | Books | ||||
| Dewey Decimal Classification | SGT Engineering Library | SGT Engineering Library | 24/06/2011 | 1 | SGTU | 8 | 3 | 670 RAO | FE3360 | 07/06/2019 | 25/05/2019 | 09/02/2015 | Books | ||||
| Dewey Decimal Classification | SGT Engineering Library | SGT Engineering Library | 24/06/2011 | 1 | SGTU | 1 | 670 RAO | FE3361 | 01/02/2021 | 27/01/2021 | 09/02/2015 | Books | |||||
| Dewey Decimal Classification | SGT Engineering Library | SGT Engineering Library | 24/06/2011 | 1 | SGTU | 6 | 1 | 670 RAO | FE3362 | 03/02/2021 | 27/01/2021 | 09/02/2015 | Books | ||||
| Dewey Decimal Classification | SGT Engineering Library | SGT Engineering Library | 24/06/2011 | 1 | SGTU | 670 RAO | FE3363 | 15/05/2018 | 09/02/2015 | Books | |||||||
| Dewey Decimal Classification | SGT Engineering Library | SGT Engineering Library | 24/06/2011 | 2 | SGTU | 1 | 670 RAO | FE3364 | 11/05/2018 | 11/05/2018 | 09/02/2015 | Books | |||||
| Dewey Decimal Classification | SGT Engineering Library | SGT Engineering Library | 24/06/2011 | 2 | SGTU | 5 | 1 | 670 RAO | FE3365 | 07/12/2020 | 11/03/2020 | 09/02/2015 | Books | ||||
| Dewey Decimal Classification | SGT Engineering Library | SGT Engineering Library | 24/06/2011 | 2 | SGTU | 1 | 1 | 670 RAO | FE3366 | 25/12/2017 | 17/08/2017 | 09/02/2015 | Books | ||||
| Dewey Decimal Classification | SGT Engineering Library | SGT Engineering Library | 24/06/2011 | 2 | SGTU | 8 | 1 | 670 RAO | FE3367 | 01/02/2021 | 27/01/2021 | 09/02/2015 | Books | ||||
| Dewey Decimal Classification | SGT Engineering Library | SGT Engineering Library | 24/06/2011 | 2 | SGTU | 5 | 2 | 670 RAO | FE3368 | 03/02/2021 | 27/01/2021 | 09/02/2015 | Books |